Bulletin of WHO: Vol.72(6)/1994

保存先:
書誌詳細
第一著者: OMS
フォーマット: 図書
言語:Undetermined
出版事項: Genève OMS 1994
タグ: タグ追加
タグなし, このレコードへの初めてのタグを付けませんか!
Thư viện lưu trữ: Trung tâm Học liệu Trường Đại học Cần Thơ
LEADER 00436nam a2200169Ia 4500
001 CTU_7052
008 210402s9999 xx 000 0 und d
082 |a 614 
082 |b O.68b/V72.6 
100 |a OMS 
245 0 |a Bulletin of WHO: Vol.72(6)/1994 
245 0 |c OMS 
260 |a Genève 
260 |b OMS 
260 |c 1994 
904 |i Nguyễn Quang Điền, 960830 
980 |a Trung tâm Học liệu Trường Đại học Cần Thơ